Application of fuzzy logic for diabetes monitoring /
محفوظ في:
| المؤلف الرئيسي: | |
|---|---|
| التنسيق: | أطروحة كتاب |
| اللغة: | English |
| منشور في: |
2018.
|
| الموضوعات: | |
| الوصول للمادة أونلاين: | http://studentsrepo.um.edu.my/9546/ |
| الوسوم: |
إضافة وسم
لا توجد وسوم, كن أول من يضع وسما على هذه التسجيلة!
|
| LEADER | 01637cam a2200373 i 4500 | ||
|---|---|---|---|
| 001 | u1104002 | ||
| 003 | SIRSI | ||
| 005 | 201901071454 | ||
| 008 | 190107s2018 my a m 000 0 eng | ||
| 040 | |a UMM |d UMJ |e rda | ||
| 090 | |a R856.4 |b UM 2018 Agmffamt | ||
| 097 | |a R856.4 |b UM 2018 Agmffamt | ||
| 100 | 0 | |a Ag Mohd Fathi Fawwaz Ag Mohd Tahir, |e author. | |
| 245 | 1 | 0 | |a Application of fuzzy logic for diabetes monitoring / |c Ag Mohd Fathi Fawwaz B. Ag Mohd Tahir. |
| 264 | 1 | |c 2018. | |
| 300 | |a xi, 59 leaves : |b illustrations ; |c 30 cm. | ||
| 336 | |a text |2 rdacontent | ||
| 337 | |a unmediated |2 rdamedia | ||
| 338 | |a volume |2 rdacarrier | ||
| 502 | |b M.Eng. |c Jabatan Kejuruteraan Bioperubatan, Fakulti Kejuruteraan, Universiti Malaya |d 2018. | ||
| 504 | |a Bibliography: leaves 45-48. | ||
| 530 | |a Also issued in CD. | ||
| 650 | 0 | |a Diabetes |x Diagnosis |x Data processing. | |
| 650 | 0 | |a Fuzzy systems in medicine. | |
| 650 | 0 | |a Medical records |x Data processing. | |
| 650 | 0 | |a Artificial intelligence |x Medical applications. | |
| 650 | 0 | |a Blood sugar monitoring. | |
| 710 | 2 | |a Universiti Malaya. |b Jabatan Kejuruteraan Bioperubatan, |e degree granting institution. | |
| 856 | 4 | 1 | |u http://studentsrepo.um.edu.my/9546/ |
| 900 | |a NNANS NSM | ||
| 596 | |a 1 7 | ||
| 999 | |a R856.4 UM 2018 AGMFFAMT |w LC |c 1 |i A517303945 |d 17/4/2019 |e 17/4/2019 |f 11/2/2019 |g 1 |l STACKS |m P01UTAMA |n 1 |r Y |s Y |t TESIS |u 11/2/2019 |1 STEM | ||
| 999 | |a R856.4 UM 2018 AGMFFAMT |w LC |c 1 |i A516954026 |f 30/4/2019 |g 1 |l STACKS |m P07JURUTER |r Y |s Y |t TESIS |u 30/4/2019 |1 STEM | ||
| 999 | |a R856.4 UM 2018 AGMFFAMT |w LC |c 2 |i A516954057 |f 30/4/2019 |g 1 |l COUNTER |m P07JURUTER |r Y |s Y |t CD |u 30/4/2019 |1 STEM | ||
